Právna úprava kozmického priestoru a nebeských telies

Právna úprava kozmického priestoru a nebeských telies s dôrazom na medzinárodnoprávne dokumenty. Genéza medzinárodného kozmického práva a prehľad v základnej právnej úprave kozmického priestoru a nebeských telies. Kozmická zmluva z roku 1967 a na ňu nadväzujúce medzinárodnoprávne dokumenty. Nelegá...

Celý popis

Uložené v:
Podrobná bibliografia
Hlavný autor: Malík, Ján
Médium: Kapitola
Jazyk:Slovak
Predmet:
Tagy: Pridať tag
Žiadne tagy, Buďte prvý, kto otaguje tento záznam!

MARC

LEADER 00000nla a2200000 4500
001 0226098
005 20240502073719.6
041 0 |a slo 
044 |a SK 
245 1 0 |a Právna úprava kozmického priestoru a nebeských telies  |c Ján Malík 
520 |a Právna úprava kozmického priestoru a nebeských telies s dôrazom na medzinárodnoprávne dokumenty. Genéza medzinárodného kozmického práva a prehľad v základnej právnej úprave kozmického priestoru a nebeských telies. Kozmická zmluva z roku 1967 a na ňu nadväzujúce medzinárodnoprávne dokumenty. Nelegálne predávanie pozemkov na Mesiaci a Space Act 2015. 
610 2 0 |a právo kozmické 
610 2 0 |a právo letecké 
610 2 0 |a právo medzinárodné 
610 2 0 |a politika medzinárodná 
610 2 0 |a dohody medzinárodné 
100 1 |a Malík, Ján